| 000 | 00000nam##2200000za#4500 |
| 001 | 9.662375 |
| 003 | CaOODSP |
| 005 | 20210615120521 |
| 007 | ta |
| 008 | 150407|2000||||xxc||||| f|0| 0 eng|d |
| 020 | |a0-662-65385-8 |
| 040 | |aCaOODSP|beng |
| 041 | |aeng |
| 041 | |afre |
| 043 | |an-cn--- |
| 086 | 1 |aSW21-65/2000 |
| 110 | 1 |aCanada. |bStatus of Women Canada. |
| 245 | 10|aDecember 6, 2000: National Day of Remembrance and Action on Violence against Women : |binformation kit |
| 260 | |aOttawa - Ontario : |bStatus of Women Canada |c2000. |
| 300 | |aEnglish text, 19p. ; |c28 cm. |
| 546 | |aBilingual |
| 563 | |aSoftcover |
| 590 | |a00-51|b2000-12-29 |
| 690 | 07|aViolence against women|2gcpds |
| 690 | 07|aCommemoration|2gcpds |
| 720 | 1 |aBakan, Abigail B. |
| 720 | 1 |aKobayashi, Audry |
| 776 | 0#|t6 décembre 2000 - Journée nationale de commémoration et d'action contre la violence faite aux femmes : |w(CaOODSP)9.642026 |
| 776 | 0#|tDecember 6, 2000 - National Day of Remembrance and Action on Violence against Women : |w(CaOODSP)9.698029 |
| 792 | |t6 décembre 2000: Journée nationale de commémoration et d'action contre la violence faite aux femmes : |efre|w(CaOODSP)9.662376 |